000 00640nam a22002057a 4500
003 OSt
005 20230126135807.0
008 220916b |||||||| |||| 00| 0 eng d
020 _a978 972 8938 16 1
040 _cBiblioteca Lado V
082 _a709
_bL181j
100 _9650
_aLageira, Jacinto
_etexto
245 _aJoana Vasconcelos/
260 _aPortugal
_bCorda Seca S.A.
_c2007
300 _a186p.
_c30x24cm
650 _2Tesauro de Arte & Arquitectura
_aCATALOGO
650 _2Tesauro de Arte & Arquitectura
_aEXHIBICION
650 _2Tesauro de Arte & Arquitectura
_aARTE
942 _2ddc
_c1
_h709
_iL181j
_n0
999 _c2924
_d2924